000 00416nam a2200181Ia 4500
001 15519
005 20260306170202.0
008 260306t2017||||xx |||||||||||||| ||und||
041 _aESP
082 _a541.369
_bF314
100 _aFaires, Virgil Moring
_eAUT
245 0 _aTermodinámica
260 _c2017
300 _a668 páginas :
_c25 cm.
650 _aGEN
654 _aCCN
942 _cLIB
_dJUS
_fJUS
_2ddc
_n
999 _c15519
_d15519